000 00496nam a2200193 a 4500
001 1770888359978
003 YourLibrary
005 20260212145936.0
008 260212s2009##################000#0#eng##
020 _a9781400063956
082 0 4 _a330.9
_bEAS
100 1 _aEasterbrook, Gregg,
_eauthor.
245 1 0 _aSonic Boom :
260 _bRandom House (NY),
_c2009.
300 _a280 pages
650 0 _aBusiness & Economics.
942 _cENGLISH
040 _aYourLibrary
_beng
_cYourLibrary
999 _c612003
_d612003